[Event "Regionalliga SW 1516"]
[Site "Bayern"]
[Date "2016.03.13"]
[Round "8.8"]
[White "Lehmann, Joerg"]
[Black "Wied, Christian"]
[Result "0-1"]
[WhiteElo "1749"]
[BlackElo "1861"]
[PlyCount "62"]
[EventDate "2015.10.11"]
[EventType "team-tourn"]
[EventRounds "9"]
[EventCountry "GER"]
[SourceTitle "EXT 2018"]
[Source "ChessBase"]
[SourceDate "2017.10.13"]
[SourceVersion "1"]
[SourceVersionDate "2017.10.13"]
[SourceQuality "1"]
[WhiteTeam "Memmingen"]
[BlackTeam "MSA Zugzwang II"]
[WhiteTeamCountry "GER"]
[BlackTeamCountry "GER"]

1. c4 e5 2. Nc3 Nf6 3. g3 d5 4. cxd5 Nxd5 5. Bg2 Nb6 6. Nf3 Nc6 7. a3 Be7 8. d3 0-0 9. 0-0 Re8 10. Bd2 Be6 11. b4 a5 12. b5 Nd4 13. Nxe5 Bb3 14. Qc1 Bf6 15. Ng4 Nxe2+ 16. Nxe2 Bxa1 17. Bxb7 Rxe2 18. Bxa8 Nxa8 19. Bxa5 Bb2 20. Qc5 Be6 21. Ne3 Bd4 22. Qc1 Bxe3 23. fxe3 h5 24. Rf4 Qxd3 25. Rd4 Qxb5 26. Rd8+ Kh7 27. Rxa8 Qd5 28. Qf1 Qxa8 29. Qxe2 Qxa5 30. Qd3+ g6 31. h4 c5 0-1